Pugad baboy one (Record no. 9158)

MARC details
000 -LEADER
fixed length control field 00784nam a22002177a 4500
003 - CONTROL NUMBER IDENTIFIER
control field OSt
005 - DATE AND TIME OF LATEST TRANSACTION
control field 20260316075635.0
008 - FIXED-LENGTH DATA ELEMENTS--GENERAL INFORMATION
fixed length control field 260316b |||||||| |||| 00| 0 eng d
020 ## - INTERNATIONAL STANDARD BOOK NUMBER
International Standard Book Number 0118-8615
040 ## - CATALOGING SOURCE
Original cataloging agency DWCL GS lib
Transcribing agency OC
082 ## - DEWEY DECIMAL CLASSIFICATION NUMBER
Classification number M491p 1997
100 ## - MAIN ENTRY--PERSONAL NAME
Personal name MEDINA, POL JR
245 ## - TITLE STATEMENT
Title Pugad baboy one
Statement of responsibility, etc. POL MEDINA JR
260 ## - PUBLICATION, DISTRIBUTION, ETC.
Place of publication, distribution, etc. las PiƱas City
Name of publisher, distributor, etc. Pol Medina Jr. Novelties
Date of publication, distribution, etc. 1997
300 ## - PHYSICAL DESCRIPTION
Extent 67 p
Dimensions 20 cm
520 ## - SUMMARY, ETC.
Summary, etc. introduces the obese Sungcal family and their neighbors in a satirical, exaggerated Manila community, focusing on daily struggles, humor, and social commentary
650 ## - SUBJECT ADDED ENTRY--TOPICAL TERM
Topical term or geographic name entry element the inaugural compilation volume of the long-running Philippine
650 ## - SUBJECT ADDED ENTRY--TOPICAL TERM
Topical term or geographic name entry element satire, humor, and "slice-of-life" scenarios.
700 ## - ADDED ENTRY--PERSONAL NAME
Personal name POL MEDINA JR
942 ## - ADDED ENTRY ELEMENTS (KOHA)
Source of classification or shelving scheme Dewey Decimal Classification
Koha item type Fiction
Suppress in OPAC No

No items available.